| 000 | 00958pam a2200289 a 4500 | ||
|---|---|---|---|
| 001 | 4035451 | ||
| 003 | OSt | ||
| 005 | 20140310182721.0 | ||
| 008 | 980818s1999 njua b 001 0 eng | ||
| 010 | _a 98042130 | ||
| 020 | _a9814058408 | ||
| 040 |
_aDLC _cDLC _dDLC |
||
| 050 | 0 | 0 |
_aQA 76.6 _b.T38 2002 |
| 100 | 1 |
_aTanenbaum, Andrew S., _d1944- |
|
| 245 | 1 | 0 |
_aStructured computer organization / _cAndrew S. Tanenbaum; with contributions from James R. Goodman. |
| 250 | _a4th ed. | ||
| 260 |
_aUpper Saddle River, N.J. : _bPrentice Hall, _c2002. |
||
| 300 |
_axviii, 669 p. : _bill. ; _c25 cm. |
||
| 521 | _aIT | ||
| 650 | 0 | _aComputer programming. | |
| 650 | 0 | _aComputer organization. | |
| 700 | 1 | _aGoodman, James R. | |
| 906 |
_a7 _bcbc _corignew _d1 _eocip _f19 _gy-gencatlg |
||
| 942 |
_2lcc _cBK _kFOR |
||
| 999 |
_c15344 _d15344 |
||